| 000 | 00441cam a22001097a 4500 | ||
|---|---|---|---|
| 008 | 180718b1977 xxu||||| |||| 00| 0 eng d | ||
| 082 | _aZ46 Or3c | ||
| 245 |
_aCritical issues on foos marketing systems : in developing countries _cby Organisation For Economic Co-Operation and Development |
||
| 260 |
_aParis _bFood and Agriculture Organisation _c1977 |
||
| 300 | _a97+p. | ||
| 700 | _aFrance. Organisation For Economic Co-Operation and Development | ||
| 999 |
_c499497 _d499497 |
||